Pirátska romantika

Bibliographic Details
Main Authors: Češmedžiev, V. (Author), M.K (Author, Translator)
Other Authors: Vavro, Milan, 1933-2011 (gup)
Format: Article
Language:Slovak
Subjects:

MARC

LEADER 00000nab a2200000 a 4500
001 vtls000115520
003 SK-MaSNL
005 20260303023931.0
008 150430c1982 xo 0 slo
015 |a SNBRB19rr/mm-uuuuu 
035 |a CL0125624 
040 |a SNKBUCL  |b slo  |c SNKBUCL  |e AACR2 
041 0 |a slo 
044 |a xo  |c SK 
080 |a 886.7-7  |2 1981 
100 1 |a Češmedžiev, V.  |4 aut  |9 1007205 
245 1 0 |a Pirátska romantika  |c V. Češmedžiev ; M.K., M.K., Milan Vavro 
650 0 7 |a humoresky  |2 snkbucl  |9 73390 
655 7 |a články z novín a časopisov  |2 snkbucl  |9 267496 
655 7 |a články z odboru literárna veda a krásna literatúra  |2 snkbucl  |9 770045 
700 1 |a M.K.  |4 aut  |9 339068 
700 1 |a M.K.  |4 trl  |9 339068 
700 1 |a Vavro, Milan,  |d 1933-2011  |4 gup  |9 217129 
773 0 |t Roháč  |g Roč. 35, č. 15 (1982), s. /16/ 
850 |a Slovenská národná knižnica v Martine  |a MTA001 
852 |a SNK  |b KIS3GCP 
958 |a RK 
958 |a LX 
958 |a SK 
992 |a RBX 
999 |c 1637270  |d 1639200